|
|
|
|
| LEADER |
00000nam0a2200000 4500 |
| 001 |
334981 |
| 005 |
20231102004716.0 |
| 010 |
|
|
|a 5229007230
|
| 035 |
|
|
|a (RuTPU)RU\TPU\book\361301
|
| 090 |
|
|
|a 334981
|
| 100 |
|
|
|a 20170911d1992 m y0rusy50 ca
|
| 101 |
0 |
|
|a rus
|
| 102 |
|
|
|a RU
|
| 105 |
|
|
|a a j 001zy
|
| 200 |
1 |
|
|a Основы проектирования и оборудование сталеплавильных и доменных цехов
|e учебник
|f А. М. Якушев
|
| 210 |
|
|
|a Москва
|c Металлургия
|d 1992
|
| 215 |
|
|
|a 422 с.
|c ил.
|
| 320 |
|
|
|a Библиогр.: с. 421
|
| 606 |
|
|
|a Сталеплавильные цехи
|x Организация производства
|2 stltpush
|3 (RuTPU)RU\TPU\subj\56229
|9 74143
|
| 606 |
|
|
|a Доменные печи
|2 stltpush
|3 (RuTPU)RU\TPU\subj\9909
|9 37061
|
| 610 |
1 |
|
|a проектирование
|
| 610 |
1 |
|
|a охрана труда
|
| 610 |
1 |
|
|a водоснабжение
|
| 610 |
1 |
|
|a канализация
|
| 610 |
1 |
|
|a характеристики
|
| 610 |
1 |
|
|a шихтовые отделения
|
| 610 |
1 |
|
|a жидкий чугун
|
| 610 |
1 |
|
|a подача
|
| 610 |
1 |
|
|a мартеновские цехи
|
| 610 |
1 |
|
|a конверторные цехи
|
| 610 |
1 |
|
|a электросталеплавильные цехи
|
| 610 |
1 |
|
|a сталь
|
| 610 |
1 |
|
|a разливка
|
| 610 |
1 |
|
|a шихтоподачи
|
| 610 |
1 |
|
|a учебники
|
| 675 |
|
|
|a 669.18.013(075.8)
|v 4
|
| 675 |
|
|
|a 669.162.21
|v 4
|
| 700 |
|
1 |
|a Якушев
|b А. М.
|g Алексей Михайлович
|
| 801 |
|
1 |
|a RU
|b 63413507
|c 20170911
|
| 801 |
|
2 |
|a RU
|b 63413507
|c 20170920
|g RCR
|
| 942 |
|
|
|c BK
|